Normal view
MARC view
Entry Personal Name
001 - CONTROL NUMBER
- control field: 30142
003 - CONTROL NUMBER IDENTIFIER
- control field: dpl
005 - DATE AND TIME OF LATEST TRANSACTION
- control field: 20110727114341.0
008 - FIXED-LENGTH DATA ELEMENTS
- fixed length control field: 110727|||a|||||| | ||| d
040 ## - CATALOGING SOURCE
- Original cataloging agency: dpl
- Transcribing agency: dpl
100 ## - HEADING--PERSONAL NAME
- Personal name: Carrington, Hereward.
670 ## - SOURCE DATA FOUND
- Source citation: Work cat.: (dpl)53969: Carrington, Hereward., Fasting the Master Renedy /, 2008
670 ## - SOURCE DATA FOUND
- Source citation: Work cat.: (dpl)53969: Carrington, Hereward., Fasting the Master Renedy /, 2008
